Zásady UNIDROIT medzinárodných obchodných zmlúv, ich vznik, súčasné práce na treťom doplnenom vydaní a možnosti ich aplikácie v praxi

Existencia a význam Zásad UNIDROIT medzinárodných zmlúv. Postup ich vzniku a opis jednotlivých etáp prác na ich ďalších doplnených vydaniach. Možnosti využitia zásad, ktoré predpokladá ich preambula.

Salvato in:
Dettagli Bibliografici
Autore principale: Ďurechová, Jana
Natura: Capitolo di libro
Lingua:slovacco
Soggetti:
Tags: Aggiungi Tag
Nessun Tag, puoi essere il primo ad aggiungerne!!

MARC

LEADER 00000naa$a2200000$$$4500
001 0081931
005 20231102092250.4
041 0 |a slo 
044 |a SK 
245 1 0 |a Zásady UNIDROIT medzinárodných obchodných zmlúv, ich vznik, súčasné práce na treťom doplnenom vydaní a možnosti ich aplikácie v praxi  |c Jana Ďurechová 
520 |a Existencia a význam Zásad UNIDROIT medzinárodných zmlúv. Postup ich vzniku a opis jednotlivých etáp prác na ich ďalších doplnených vydaniach. Možnosti využitia zásad, ktoré predpokladá ich preambula. 
610 2 0 |a zmluvy medzinárodné 
610 2 0 |a vzťahy obchodné 
610 2 0 |a vzťahy medzinárodné 
610 2 0 |a úpravy právne 
610 2 0 |a Slovensko 
610 2 0 |a zmluvy obchodné 
100 1 |a Ďurechová, Jana